| 000 | 00566nam a2200181 4500 | ||
|---|---|---|---|
| 001 | 136599 | ||
| 003 | ES-MaACL | ||
| 005 | 20230906195157.0 | ||
| 007 | t| | ||
| 008 | 070214s1964 sp r ||||1| spa d | ||
| 100 | 1 |
_aRustant, Maurice. _9101058 |
|
| 245 | 1 | 3 |
_aLa automación _b: sus consecuencias humanas y sociales / _cMaurice Rustant ; [traducido al castellano por Rafael Andreu]. |
| 250 | _a1ª ed. | ||
| 260 |
_aBarcelona : _bFontanella, _c1964. |
||
| 300 |
_a150 p. ; _c19 cm. |
||
| 700 | 1 |
_aAndreu, Rafael. _921638 |
|
| 852 |
_aES-MaACL _jC-25496 _bR.54280 |
||
| 999 |
_c136599 _d136599 |
||